000 01422cam a2200193 4500
001 L131080
008 050926n2005 000 0 eng u
035 _a(Sirsi) u131080
041 0 _aeng
110 1 _aUnited Kingdom
_bDepartment of Trade and Industry
245 _aRenewable energy
_b2005/6 review of the renewables obligation
_bstatutory consultation document
260 _aLondon
_bDTI
_c2005
520 _aThe Renewables Obligation, which came into force in 2002, is the principal government policy instrument for encouraging the expansion of electricity generated from renewable resources. This statutory consultation document sets out the government proposed position and seeks views on changes to the Renewables Obligation Order 2005, on the Regulatory Impact Assessment and on the draft Order. The changes discussed are to: make some limited changes to the eligibility of electricity generated from mixed wastes; modify future rules for low cost technologies and simplify the administrative arrangements for the Obligation. Responses to the consultation are required by 9 December 2005.
520 _aItem not found when searched for online 12/9/2011
590 _aIKA270905
690 _aENVIRONMENTAL AND LAND CONSULTANCY-ENERGY-RENEWABLE ENERGY
856 4 0 _uhttps://www.dti.gov.uk/renewables/renew_2.2.5b.htm
_zView the statutory consultation document free of charge at www.dti.gov.uk...
942 _n0
999 _c104632
_d104632